| 000 | 00436nam a2200121Ia 4500 | ||
|---|---|---|---|
| 008 | 220615s9999||||xx |||||||||||||| ||und|| | ||
| 100 | _aMurat Eyvaz||Ebubekir Yüksel | ||
| 245 | 0 | _aGreen Chemistry Applications | |
| 546 | _aEnglish[eng] | ||
| 650 | _aPhysical Sciences||Engineering and Technology||Chemistry||Green Chemistry||Organic Chemistry | ||
| 856 | _uhttps://www.intechopen.com/books/green-chemistry-applications | ||
| 942 | _cEB | ||
| 999 |
_c18159 _d18159 |
||